Chain Anagram - Countries - Statistics

General Stats
  • This quiz has been taken 193 times
  • The average score is 5 of 17
Answer Stats
Hint Answer % Correct
Remove S,O Add W Malawi
99%
Remove A,W Add D,S,E,V Maldives
68%
Remove E,D,V Add A,Y,A Malaysia
65%
Remove M,Y Add R,U,T Australia
45%
Remove R,A,S Add N,I,H Lithuania
43%
Remove U,I Add D Thailand
39%
Remove N,R,I,C Add L,T,E,M Guatemala
22%
Remove I,T,L,S Add R,G,A Nicaragua
22%
Remove E,L,G Add I,R,N,I Mauritania
19%
Remove A,A,N Add S,U Mauritius
17%
Remove I,T,U Add E,N Suriname
15%
Remove U,S Add A Armenia
13%
Remove A,R Add I,D,C Dominica
13%
Remove E Add O Romania
13%
Remove N,I Add A,B Cambodia
10%
Remove A,D Add L,O Colombia
10%
Remove H,D Add C,S,U,I Saint Lucia
9%
No matching quizzes found
Score Distribution
Percent of People with Each Score
Percentile by Number Answered
Your Score History
You have not taken this quiz